00345nam a22001457a 4500003000400000020001800004082001800022100002400040245002300064250000900087260004900096300000900145650002200154653002300176SGT a9781610025218 a616.024bR21K aKIMBERLIN, DAVID W. aRED BOOK 2021-2024 a32ND aU.S.A.bAMERICAN ACADEMY OF PEDIATRIC c2021 a1146 aGENERAL MEDICINE  aRED BOOK 2021-2024